| 000 | 00538 a2200157 4500 | ||
|---|---|---|---|
| 020 | _a1568812388 | ||
| 020 | _a9781568812380 | ||
| 082 | 0 | 4 | _a511.3 |
| 090 |
_c434 _d434 |
||
| 100 | 1 | _aFranzen, Torkel. | |
| 245 | 1 | 0 |
_aGodel's theorem : _ban incomplete guide to its use and abuse / _cTorkel Franzen. |
| 260 |
_a[S.l.] : _bA K Peters, Ltd., _c2005. |
||
| 300 |
_a172 p. ; _c23 cm. |
||
| 942 |
_aSNS _cBK _k511.3 FRA |
||
| 999 |
_c29066 _d29066 |
||